<?xml version="1.0" encoding="UTF-8"?>
<record
    xmlns:xsi="http://www.w3.org/2001/XMLSchema-instance"
    xsi:schemaLocation="http://www.loc.gov/MARC21/slim http://www.loc.gov/standards/marcxml/schema/MARC21slim.xsd"
    xmlns="http://www.loc.gov/MARC21/slim">

  <leader>01686nam a22002177a 4500</leader>
  <controlfield tag="005">20220909115916.0</controlfield>
  <controlfield tag="008">220830b           ||||| |||| 00| 0 eng d</controlfield>
  <datafield tag="020" ind1=" " ind2=" ">
    <subfield code="a">9781649838087</subfield>
  </datafield>
  <datafield tag="040" ind1=" " ind2=" ">
    <subfield code="c">AL</subfield>
  </datafield>
  <datafield tag="041" ind1=" " ind2=" ">
    <subfield code="a">English</subfield>
  </datafield>
  <datafield tag="082" ind1=" " ind2=" ">
    <subfield code="2">23</subfield>
    <subfield code="b">821.009</subfield>
    <subfield code="a">RIDL</subfield>
  </datafield>
  <datafield tag="100" ind1=" " ind2=" ">
    <subfield code="a">Mariyam Ridha</subfield>
    <subfield code="9">56870</subfield>
  </datafield>
  <datafield tag="245" ind1=" " ind2=" ">
    <subfield code="a">Light of Sparks: The Seeking Inspiration</subfield>
  </datafield>
  <datafield tag="260" ind1=" " ind2=" ">
    <subfield code="a">Tamil Nadu</subfield>
    <subfield code="b">Notion Press</subfield>
    <subfield code="c">2021</subfield>
  </datafield>
  <datafield tag="300" ind1=" " ind2=" ">
    <subfield code="a">161 p.</subfield>
    <subfield code="b">PB</subfield>
    <subfield code="c">20.2x13 cm.</subfield>
  </datafield>
  <datafield tag="365" ind1=" " ind2=" ">
    <subfield code="b">&#x20B9;199.00</subfield>
    <subfield code="c">&#x20B9;</subfield>
    <subfield code="d">&#x20B9;199.00</subfield>
  </datafield>
  <datafield tag="520" ind1=" " ind2=" ">
    <subfield code="a">When life takes a turn in every way it could, our author, Mariyam Ridha, all could do was emit up her heart, squeeze her soul which then poured into captivating poems.
&#x2018;The Light of Sparks&#x2019; is a compilation of poems which will make you go through the different labyrinthine aspect of life, which the author had gone through, which she regarded people going through and the inevitable thoughts which forced the author to scribble.
When demotivation, lovelessness, and despondency submerge us in the wrong way, the author began a journey to unseal it, evading the truth that it is already around her breaths. When she found it she penned it down such that she feels the equivalent motivation when it read for the millionth time by herself.
The sparks won&#x2019;t change stories, but would presumably change the last layers of heart which hunger for optimism, benevolence, and profound affection and that will change the world around you through the light. The light, that is illuminated by the sparks.
&#x201C;Let your eye be
Opened internally,
Enough to see the sparks,
Which will light up lives&#x201D;</subfield>
  </datafield>
  <datafield tag="650" ind1=" " ind2=" ">
    <subfield code="a">English Poetry</subfield>
    <subfield code="9">56220</subfield>
  </datafield>
  <datafield tag="700" ind1=" " ind2=" ">
    <subfield code="a">RIDHA (Mariyam)</subfield>
    <subfield code="9">56208</subfield>
  </datafield>
  <datafield tag="942" ind1=" " ind2=" ">
    <subfield code="2">ddc</subfield>
    <subfield code="c">DB</subfield>
  </datafield>
  <datafield tag="999" ind1=" " ind2=" ">
    <subfield code="c">224496</subfield>
    <subfield code="d">224496</subfield>
  </datafield>
  <datafield tag="952" ind1=" " ind2=" ">
    <subfield code="0">0</subfield>
    <subfield code="1">0</subfield>
    <subfield code="2">ddc</subfield>
    <subfield code="4">0</subfield>
    <subfield code="7">0</subfield>
    <subfield code="8">ENG</subfield>
    <subfield code="a">AL</subfield>
    <subfield code="b">AL</subfield>
    <subfield code="d">2022-08-23</subfield>
    <subfield code="l">5</subfield>
    <subfield code="o">821.009 RIDL</subfield>
    <subfield code="p">D04815</subfield>
    <subfield code="r">2023-09-25 00:00:00</subfield>
    <subfield code="s">2023-09-14</subfield>
    <subfield code="v">199.00</subfield>
    <subfield code="w">2022-08-30</subfield>
    <subfield code="y">DB</subfield>
    <subfield code="z">Donated by Mariyam Ridha (2214355)</subfield>
  </datafield>
</record>
